Planning for public transport (Record no. 81946)

MARC details
000 -LEADER
fixed length control field 00706nam a2200169 a 4500
008 - FIXED-LENGTH DATA ELEMENTS--GENERAL INFORMATION
fixed length control field 120416s1976 ||||||||||||||||| || u
050 ## - LIBRARY OF CONGRESS CALL NUMBER
Classification number HE 243.A1 Whi
100 ## - MAIN ENTRY--PERSONAL NAME
Personal name White, Peter R
245 10 - TITLE STATEMENT
Title Planning for public transport
260 ## - PUBLICATION, DISTRIBUTION, ETC.
Place of publication, distribution, etc. London
Name of publisher, distributor, etc. Hutchinson
Date of publication, distribution, etc. 1976
300 ## - PHYSICAL DESCRIPTION
Extent 224p. : ill.
350 ## -
-- 0.00
650 ## - SUBJECT ADDED ENTRY--TOPICAL TERM
Topical term or geographic name entry element TRANSPORTATION--PLANNING
650 ## - SUBJECT ADDED ENTRY--TOPICAL TERM
Topical term or geographic name entry element TRANSPORTATION
995 ## -
-- MAIN LIBRARY OPEN ACCESS
-- 0.00
-- 705223
-- CBU-MAIN LIBRARY (Kitwe)
-- 2
-- 0.00
-- HE 243.A1 Whi
-- 2
-- AVAILABLE
-- 004340
-- Main Library Open Access Collection
995 ## -
-- MAIN LIBRARY OPEN ACCESS
-- 0.00
-- 705224
-- CBU-MAIN LIBRARY (Kitwe)
-- 1
-- 0.00
-- HE 243.A1 Whi
-- 1
-- AVAILABLE
-- 004339
-- Main Library Open Access Collection
999 ## -
-- 81946
-- 81946
Holdings
Withdrawn status Lost status Source of classification or shelving scheme Damaged status Not for loan Permanent Location Current Location Shelving location Date acquired Total Checkouts Full call number Barcode Date last seen Copy number Price effective from Koha item type
          CBU-MAIN LIBRARY, KITWE. CBU-MAIN LIBRARY, KITWE.   09/12/2023   HE 243.A1 Whi 004340 09/12/2023 1 09/12/2023 MONOGRAPH
          CBU-MAIN LIBRARY, KITWE. CBU-MAIN LIBRARY, KITWE.   09/12/2023   HE 243.A1 Whi 004339 09/12/2023 2 09/12/2023 MONOGRAPH